| 000 | 00726nam a2200229Ia 4500 | ||
|---|---|---|---|
| 003 | GCL | ||
| 008 | 140319s9999 xx 000 0 ara d | ||
| 040 |
_aGCL / _cGCL |
||
| 082 | 0 | 4 |
_a373.24603 _bا م |
| 245 | 1 | 0 | _aمعجم مصطلحات التعليم الفنى والتدريب انجليزى فرنسى عربى |
| 260 |
_a[S.N] : _bدار الكتاب اللبنانى ، _c1989 |
||
| 300 | _a155 ص | ||
| 490 | _a | ||
| 650 | 0 | 4 | _aاللغة العربية |
| 650 | 0 | 4 | _aالمعاجم |
| 650 | 0 | 4 | _aالتعليم الصناعى |
| 650 | 0 | 4 | _aالتعليم المهنى |
| 650 | 0 | 4 | _aمصطلحات |
| 650 | 0 | 4 | _aالتعليم التجارى |
| 650 | 0 | 4 | _aالتعليم الزراعى |
| 942 |
_2ddc _cBK |
||
| 999 |
_c33398 _d33398 |
||